000 01022nam a2200265Ia 4500
003 OSt
005 20221005110439.0
006 a|||||r|||| 00| 0
007 ta
008 221004b |||||||| |||| 00| 0 hin d
020 _a9788170544203 (hbk)
_c400
024 _a23964
037 _b61, 30/12/2015, Mallika Books
_cTextual
040 _aCRL
_cCRL
_bhin
041 _2hin
_ahin
082 _aP152,3:3, Q6
100 _aअवतंस, अभिषेक
245 0 _aहिन्दी शब्द शक्ति और पारिभाषिक शब्दावली
246 _aHindī shabda shakti aur pāribhāṣhik shabdāvalī
260 _aनई दिल्ली
_bक्लासिकल पब्लिशिंग कम्पनी भारत
_c2016
300 _a104पृ0
_ccm.
650 _aहिन्दी भाषा
942 _hP152,3:3, Q6
_cTEXL
_2cc
999 _c1018850
_d1018850